00840cam a22002531 4500001001300000003000400013005001700017008004100034010001700075025001900092040002200111050001500133082001000148110006100158245007500219260002100294300006900315504002900384650001300413600005200426700005200478700003900530999001700569sa 66007041 DLC20260227112301.0850513s1965 ii abch b 010 0 eng  asa 66007041  aPL480:I-E-6431 aDLC/ICUcICUdDLC00aQE35b.M6500a550.82 aMining, Geological and Metallurgical Institute of India.10aDr. D.N. Wadia commemorative volume.c[Editor-in-chief: A.G. Jhingran. aCalcutta]c1965. axxiii, 833 p.billus., facsim., maps (part fold.) ports.c25 cm. aIncludes bibliographies. 0aGeology.10aWadia, D. N.q(Darashaw Nosherwan),d1883-1969.1 aWadia, D. N.q(Darashaw Nosherwan),d1883-1969.1 aJhingran, Anant Gopal,d1908-eed. c70887d70887